000 00496nam a22001817a 4500
008 131029b xxu||||| |||| 00| 0 eng d
041 0 _aeng
080 _a327.39.002
100 1 _aKohn, Hans
245 _aNationalism and Realism: 1852-1879 /
_cHans Kohn
260 _aCanada :
_bD. Van Nostrand ;
_c1968.
300 _a191 f. :
_c19 cm.
490 _aAn Anvil Original
_vII
500 _aPreface : f. 3-4
650 0 _aNacionalizmi
650 0 _aMarrëdhënie ndërkombëtare
942 _2udc
_cBK
999 _c191
_d191